<?xml version="1.0" encoding="UTF-8"?>
<collection xmlns="http://www.loc.gov/MARC21/slim">
 <record>
  <leader>01248nam a2200205Ia 4500</leader>
  <controlfield tag="001">TDMU_20280</controlfield>
  <controlfield tag="008">210410s9999    xx            000 0 und d</controlfield>
  <datafield tag="082" ind1=" " ind2=" ">
   <subfield code="a">959.704331</subfield>
  </datafield>
  <datafield tag="090" ind1=" " ind2=" ">
   <subfield code="b">V400</subfield>
  </datafield>
  <datafield tag="100" ind1=" " ind2=" ">
   <subfield code="a">Võ, Nguyên Giáp</subfield>
  </datafield>
  <datafield tag="245" ind1=" " ind2="0">
   <subfield code="a">Đại tướng Võ Nguyên Giáp với chiến dịch Điện Biên Phủ</subfield>
  </datafield>
  <datafield tag="245" ind1=" " ind2="0">
   <subfield code="c">Võ Nguyên Giáp</subfield>
  </datafield>
  <datafield tag="260" ind1=" " ind2=" ">
   <subfield code="a">H.</subfield>
  </datafield>
  <datafield tag="260" ind1=" " ind2=" ">
   <subfield code="b">Quân đội Nhân dân</subfield>
  </datafield>
  <datafield tag="260" ind1=" " ind2=" ">
   <subfield code="c">2014</subfield>
  </datafield>
  <datafield tag="300" ind1=" " ind2=" ">
   <subfield code="a">616tr.</subfield>
  </datafield>
  <datafield tag="520" ind1=" " ind2=" ">
   <subfield code="a">Nội dung gồm 3 phần. Ph.1: Một số bài viết, tác phẩm của Đại tướng Võ Nguyên Giáp về chiến dịch Điện Biên Phủ lịch sử; Ph.2: Điện Biên Phủ qua những trang hồi ức của Đại tướng Võ Nguyên Giáp; Ph.3: Một số tư liệu về chiến dịch Điện Biên Phủ lịch sử.</subfield>
  </datafield>
  <datafield tag="650" ind1=" " ind2=" ">
   <subfield code="a">Võ Nguyên Giáp</subfield>
   <subfield code="d">1911-2013; Lịch sử</subfield>
   <subfield code="x">Chiến dịch Điện Biên Phủ</subfield>
   <subfield code="z">Việt Nam; Kháng chiến chống Pháp</subfield>
   <subfield code="x">Điện Biên Phủ</subfield>
   <subfield code="z">Việt Nam ; Danh tướng</subfield>
   <subfield code="z">Việt Nam </subfield>
  </datafield>
  <datafield tag="856" ind1=" " ind2=" ">
   <subfield code="u">http://lrc.tdmu.edu.vn/opac/search/detail.asp?aID=2&amp;ID=20280</subfield>
  </datafield>
  <datafield tag="980" ind1=" " ind2=" ">
   <subfield code="a">Trung tâm Học liệu Trường Đại học Thủ Dầu Một</subfield>
  </datafield>
 </record>
</collection>
